Organizačný projekt, obsluhy výroby materiálom záverečná práca postgraduálneho štúdia

Saved in:
Bibliographic Details
Main Author: Putera, Timot
Corporate Author: Vysoká škola ekonomická v Bratislave
Other Authors: Leščišin, Michal
Format: Book
Language:Slovak
Published: Bratislava 1988
Tags: Add Tag
No Tags, Be the first to tag this record!

MARC

LEADER 00000nam a2200000 4500
001 c036622
005 20230116121550.9
041 0 |a slo 
044 |a SK 
245 1 0 |a Organizačný projekt, obsluhy výroby materiálom  |b záverečná práca postgraduálneho štúdia  |c Timot Putera ; Ved. práce Michal Leščišin 
264 1 |a Bratislava  |c 1988 
300 |a 55 s. 
100 1 |a Putera, Timot 
700 1 |a Leščišin, Michal 
710 2 |a Vysoká škola ekonomická v Bratislave